000 01081cab a22002055a 4500
001 L150768
008 100901e20100827xxk 000 0 eng d
035 _a(Sirsi) u150768
041 0 _aeng
100 1 _aHatcher, David
245 0 0 _aMarkets
_bstudent accommodation
260 _c2010
490 0 _aProperty Week
_v76(34) 27 August 2010, 45-48(4)
520 _aUnite Group, the developer of student accommodation, is now planning to buy cash-strapped universities' existing estates. Deputy mayor, Sir Simon Milton, will establish a forum as part of the London Plan to address the issues surrounding the development of student accommodation in London. Supply is now matching demand in Edinburgh, considered to be the second most attractive market in the UK student accommodation sector after London. Examines the activities of the three largest lenders to this sector, Barclays, RBS and Santander.
590 _aKA
651 4 _aUnited Kingdom
_y
690 _aPROPERTY-RESIDENTIAL PROPERTY-RESIDENTIAL PROPERTY FINANCE AND INVESTMENT
700 1 _aScott, Ian
942 _n0
999 _c82637
_d82637